[Event "58h World U20 ch"]
[Site "New Delhi IND"]
[Date "2019.10.25"]
[Round "11.26"]
[White "Miciano, John Marvin"]
[Black "Rajdeep, Sarkar"]
[Result "1-0"]
[WhiteElo "2345"]
[BlackElo "2384"]
[EventDate "2019.10.15"]
[PlyCount "125"]

1.e4 e5 2.Nf3 Nc6 3.Bc4 Nf6 4.d3 h6 5.Nbd2 d6 6.a3 g5 7.h3 Bg7 8.c3 Be6 9.
Bxe6 fxe6 10.Nf1 Qd7 11.b4 Ne7 12.Ne3 O-O-O 13.Qc2 Ng6 14.Bb2 Rhf8 15.
O-O-O Nh5 16.h4 Rxf3 17.hxg5 Ng3 18.fxg3 Rxg3 19.gxh6 Nf4 20.Qf2 Bh8 21.
Kb1 Rdg8 22.h7 R8g7 23.Nf1 Rxd3 24.Rxd3 Nxd3 25.Qxa7 Kd8 26.Ne3 b6 27.Qa8+
Qc8 28.Qxc8+ Kxc8 29.c4 Kd7 30.Kc2 Nf4 31.g4 Ng6 32.a4 Nf8 33.c5 bxc5 34.
bxc5 Kc6 35.cxd6 cxd6 36.Kd3 Rxh7 37.Rc1+ Kb7 38.Ba3 Bf6 39.Bxd6 Rd7 40.
Nc4 Be7 41.Rb1+ Ka7 42.Rb6 Bd8 43.Rc6 Kb7 44.Nxe5 Nh7 45.Kc4 Ng5 46.Kb5 
Rh7 47.a5 Nxe4 48.a6+ Ka7 49.Bc5+ Nxc5 50.Rxc5 Bc7 51.Nc6+ Ka8 52.Rh5 
Rxh5+ 53.gxh5 Bf4 54.Kc5 e5 55.Kd5 Bc1 56.Kxe5 Bd2 57.Kf5 Be3 58.Ke4 Bc1 
59.Kd3 Bg5 60.Kc4 Bc1 61.Kb5 Be3 62.Ne5 Kb8 63.Nf7 1-0